| 000 | 00587nam a2200205 4500 | ||
|---|---|---|---|
| 003 | OSt | ||
| 005 | 20260601170955.0 | ||
| 008 | 260507b1998\\\\|||a||||\||||\001\0\eng\d | ||
| 020 | _a0887308309 | ||
| 040 |
_aICI _bspa _cICI |
||
| 050 |
_aHF5415.15 _bH55 1998 |
||
| 100 | 1 |
_aHirshberg, Jerry _930434 |
|
| 245 | 1 |
_aThe Creative Priority: _bDriving Innovative Bussiness in the Real World |
|
| 264 |
_bHarperBusiness _c1998 _aEstados Unidos |
||
| 300 | _a261 páginas | ||
| 336 |
_atexto _2rdacontent |
||
| 337 |
_asin medio _2rdamedia |
||
| 338 |
_avolumen _2rdacarrier |
||
| 942 |
_2lcc _cB _n1 |
||
| 999 |
_c19800 _d19800 |
||